|
|
|
|
| LEADER |
00000nam0a2200000 4500 |
| 001 |
360052 |
| 005 |
20231102011239.0 |
| 035 |
|
|
|a (RuTPU)RU\TPU\retro\17360
|
| 090 |
|
|
|a 360052
|
| 100 |
|
|
|a 20210302d1924 m y0frey50 ba
|
| 101 |
0 |
|
|a fre
|
| 102 |
|
|
|a FR
|
| 105 |
|
|
|a abd z 001zy
|
| 200 |
1 |
|
|a Manuel de géographie commerciale
|f P. Clerget
|
| 210 |
|
|
|a Paris
|c Librairie Hatier
|d 1924
|
| 215 |
|
|
|a 376, [8] p.
|c graph., cartes, il.
|
| 225 |
1 |
|
|a Enseignement primaire supérieur. Sections industrielle et commerciale
|
| 317 |
|
|
|5 63413507: М-133387
|a Поступил в НТБ в 1970 г. в составе книжного собрания профессора ТПИ И. Н. Бутакова
|
| 320 |
|
|
|a Библиогр. в примеч.
|
| 320 |
|
|
|a Index alphabétique: p. 369-372
|
| 541 |
1 |
|
|a Учебник коммерческой географии
|z fre
|
| 606 |
1 |
|
|a Экономическая география
|2 stltpush
|3 (RuTPU)RU\TPU\subj\26570
|9 50467
|
| 610 |
1 |
|
|a Библиотека И. Н. Бутакова
|
| 610 |
1 |
|
|a дары библиотеке
|
| 610 |
1 |
|
|a французский язык
|
| 610 |
1 |
|
|a мировая экономика
|
| 610 |
1 |
|
|a географическая наука
|
| 610 |
1 |
|
|a географические данные
|
| 610 |
1 |
|
|a торгово-промышленная политика
|
| 610 |
1 |
|
|a торгово-экономические отношения
|
| 686 |
|
|
|a У04
|v LBC/SL-A
|2 rubbk
|
| 700 |
|
1 |
|a Clerget
|b P.
|g Pierre
|
| 801 |
|
1 |
|a RU
|b 63413507
|c 20210302
|
| 801 |
|
2 |
|a RU
|b 63413507
|c 20220927
|g RCR
|
| 942 |
|
|
|c BK
|